01395nac a22003617a 4500001001000000003000900010005001700019008003400036040005400070072001800124090001900142100002200161100002000183100001700203100002100220100001600241100001700257100002400274110007800298245021900376260003600595300001000631490008900641500001200730650001000742650001400752650002700766650001100793909004700804942001700851999001900868952014600887BR8202528BR-BrBNA20240105115312.0230509b bl.|||m| |||| 00| 0 por d aBR-BrBNAbporcBiblioteca Nacional de Agricultura aF00; F30; F25 a0180 BR82025281 aOliveira, E.F. de1 aSimonetti, F.U.1 aGomide, F.B.1 aFranco, F. de A.1 aGomes, L.S.1 aBassoi, M.C.1 aOliveira, M.A.R. de1 aOrganizacao das Cooperativas do Estado do Parana, Cascavel (Brasil)977251 aTrigo - 1982, recomendacoes para o Estado do Parana. Zoneamento, cultivares, epocas e densidades de semeadura, calagem e adubacao, manejo e conservacao do solo, tratamento quimico, descricao das cultivares [Brasil]3 aCascavel, PR (Brasil): c1982.  a84 p. aBoletim Tecnico - Organizacao das Cooperativas do Estado do Parana (Brazil)vno. 8x a10 ref. aTRIGO aVARIEDADE aDENSIDADE DE SEMEADURA aPARANA a202312bLúcia Elandec55dLúcia Elande 2AGRISn0cMS c274165d274165 002AGRIS40708Acervo Gerala41918b41918cAGROBASEl0o0180 BR8202528p0180 BR8202528r2023-12-18yMSePortaria Interministerial nº 164/94